Normal view
MARC view
Entry Personal Name
001 - CONTROL NUMBER
- control field: 121126
003 - CONTROL NUMBER IDENTIFIER
- control field: OSt
005 - DATE AND TIME OF LATEST TRANSACTION
- control field: 20230607095238.0
008 - FIXED-LENGTH DATA ELEMENTS
- fixed length control field: 230607|| aca||aabn | a|a d
040 ## - CATALOGING SOURCE
- Original cataloging agency: OSt
- Transcribing agency: OSt
100 ## - HEADING--PERSONAL NAME
- Personal name: ECONOMIC AND POLITICAL WEEKLY
670 ## - SOURCE DATA FOUND
- Source citation: Work cat.: (OSt)143100: ECONOMIC AND POLITICAL WEEKLY, One thousand eight hundred and fifty seven 1857: essays from economic and political weekly, 2009